000 00357nam a2200133Ia 4500
005 20251222141809.0
008 251222s9999||||xx |||||||||||||| ||spa||
020 _a958-648-394-0
082 _a005.73/F64
100 _aFlórez Rueda, Roberto
245 0 _aAlgoritmos, estructuras de datos y programación orientada a objetos
264 _bEcoe
942 _cLIB
999 _c6401
_d6401